Implementation of reforms and structural imbalances of the Slovak economy
Posledný ekonomický vývoj Slovenska poskytuje dôvody na optimizmus. Vývoj miery nezamestnanosti. Inflácia, verejné financie - indikátory. "Pôsobivé" makroindikátory. Trh práce. Závislosť na externých zdrojoch. Slabá inovačná aktivita ovplyvňuje ceny v zahraničnom obchode. Jednoduchá analýza možností...
Salvato in:
| Autore principale: | |
|---|---|
| Natura: | Capitolo di libro |
| Lingua: | inglese |
| Soggetti: | |
| Tags: |
Nessun Tag, puoi essere il primo ad aggiungerne!!
|
MARC
| LEADER | 00000nla$a2200000$$$4500 | ||
|---|---|---|---|
| 001 | 0071513 | ||
| 005 | 20240502071843.2 | ||
| 041 | 0 | |a eng | |
| 044 | |a SK | ||
| 245 | 1 | 0 | |a Implementation of reforms and structural imbalances of the Slovak economy |c Miloš Hofreiter |
| 520 | |a Posledný ekonomický vývoj Slovenska poskytuje dôvody na optimizmus. Vývoj miery nezamestnanosti. Inflácia, verejné financie - indikátory. "Pôsobivé" makroindikátory. Trh práce. Závislosť na externých zdrojoch. Slabá inovačná aktivita ovplyvňuje ceny v zahraničnom obchode. Jednoduchá analýza možností a rizík plánovaného skorého prijatia eura. Možnosti, riziká. | ||
| 610 | 2 | 0 | |a reformy hospodárske |
| 610 | 2 | 0 | |a vývoj hospodársky |
| 610 | 2 | 0 | |a nezamestnanosť |
| 610 | 2 | 0 | |a inflácia |
| 610 | 2 | 0 | |a financie verejné |
| 610 | 2 | 0 | |a trh práce |
| 610 | 2 | 0 | |a obchod zahraničný |
| 610 | 2 | 0 | |a ceny |
| 610 | 2 | 0 | |a euro |
| 610 | 2 | 0 | |a Slovensko |
| 100 | 1 | |a Hofreiter, Miloš, 1982- | |